Central Library OPAC University of Rajshahi

The evolution of modern Latin America / (Record no. 64611)

MARC details
000 -LEADER
fixed length control field 00780nam a2200241 a 4500
001 - CONTROL NUMBER
control field 64611
003 - CONTROL NUMBER IDENTIFIER
rucl marc code BD-RjUL
005 - DATE AND TIME OF LATEST TRANSACTION
control field 20211209081328.0
008 - FIXED-LENGTH DATA ELEMENTS--GENERAL INFORMATION
fixed length control field 170216s1946 e 001 0 eng
035 ## - SYSTEM CONTROL NUMBER
System control number (BD-RjUL)64741
040 ## - CATALOGING SOURCE
Original cataloging agency DLC
Transcribing agency FJ
Modifying agency BD-RjUL
Language of cataloging eng
041 ## - LANGUAGE CODE
Language code of text/sound track or separate title eng
082 ## - DEWEY DECIMAL CLASSIFICATION NUMBER
Classification number 980
Edition number 23
Author mark and year HUE 1946
100 1# - MAIN ENTRY--PERSONAL NAME
Personal name Humphreys, R. A.
Fuller form of name (Robert Arthur),
Dates associated with a name 1907-
9 (RLIN) 191628
245 14 - TITLE STATEMENT
Title The evolution of modern Latin America /
Statement of responsibility, etc. [by] Robin A. Humphreys ...
260 ## - PUBLICATION, DISTRIBUTION, ETC. (IMPRINT)
Place of publication, distribution, etc. New York :
Name of publisher, distributor, etc. Oxford university press,
Date of publication, distribution, etc. 1946.
300 ## - PHYSICAL DESCRIPTION
Pagination 176 p. :
Illustrations ill, ;
Size 21 cm.
500 ## - GENERAL NOTE
General note Include index
651 #0 - SUBJECT ADDED ENTRY--GEOGRAPHIC NAME
Geographic name Latin America
General subdivision History
Chronological subdivision 1830-
9 (RLIN) 191629
Geographic name Latin America
General subdivision Politics and government.
9 (RLIN) 172002
Geographic name Latin America
General subdivision Foreign relations.
9 (RLIN) 191630
942 ## - ADDED ENTRY ELEMENTS (KOHA)
Source of classification or shelving scheme Dewey Decimal Classification
Koha item type Books
Holdings
Lost status Source of classification or shelving scheme Damaged status Not for loan Collection code Permanent Location Current Location Shelving location Date acquired Source of acquisition Cost, normal purchase price Total Checkouts Full call number Date last seen Copy number Koha item type
  Dewey Decimal Classification   Not For Loan Non-fiction Central Library, University of Rajshahi Central Library, University of Rajshahi Reading Room 09/08/1955 O.U.P. 12.00   980 HUE 1946 16/02/2017 C-1 Books